Gaming Quiz

Random Gaming Quiz

Fable 3 gold key and door locations Quiz Stats

 Plays Quiz not verified by Sporcle

Score 0/9 Timer 02:00
0 Plays Today
key or door location % Correct
doorbrightwall
77.8%
keydriftwood
76.7%
doorsunset house
70%
keysanctuary
68.9%
keymistpeak valley
60%
keyshifting sands
56.7%
doorbowerstone castle
56.7%
doormourningwood
48.9%
keyveiled path
47.8%

You're not logged in!

Compare scores with friends on all Sporcle quizzes.
OR
Log In

Show Comments

Extras

Created Nov 7, 2010ReportNominate
Tags:door, fable, gold, key, location

Top Quizzes Today


Score Distribution

Your Account Isn't Verified!

In order to create a playlist on Sporcle, you need to verify the email address you used during registration. Go to your Sporcle Settings to finish the process.

Report this User

Report this user for behavior that violates our Community Guidelines.

Details: